Psicoterapia infantil: orientaciones para el trabajo clínico con niños (Record no. 63502)

MARC details
000 -LEADER
campo de control de longitud fija 00570nmm a2200181Ia 4500
008 - DATOS DE LONGITUD FIJA--INFORMACIÓN GENERAL
campo de control de longitud fija 251105s9999||||xx |||||||||||||||||und||
020 ## - NÚMERO INTERNACIONAL ESTÁNDAR DEL LIBRO
Número Internacional Estándar del Libro 9789560104151
041 ## - CÓDIGO DE IDIOMA
Código de lengua del texto/banda sonora o título independiente spa
100 ## - ENTRADA PRINCIPAL--NOMBRE DE PERSONA
Nombre de persona Capurro Ríos, Gabriela
245 #0 - MENCIÓN DEL TÍTULO
Título Psicoterapia infantil: orientaciones para el trabajo clínico con niños
264 ## - PRODUCCIÓN, PUBLICACIÓN, DISTRIBUCIÓN, FABRICACIÓN Y COPYRIGHT
Producción, publicación, distribución, fabricación y copyright [Santiago de Chile, Chile] :
Nombre del de productor, editor, distribuidor, fabricante Ril editores,
Fecha de producción, publicación, distribución, fabricación o copyright 2017
300 ## - DESCRIPCIÓN FÍSICA
Extensión 236 páginas
650 ## - PUNTO DE ACCESO ADICIONAL DE MATERIA--TÉRMINO DE MATERIA
Término de materia o nombre geográfico como elemento de entrada Psychology
700 ## - ENTRADA AGREGADA--NOMBRE PERSONAL
Nombre de persona Capurro Ríos, Gabriela
700 1# - ENTRADA AGREGADA--NOMBRE PERSONAL
Nombre de persona Ortíz Barrera, Jade
856 ## - LOCALIZACIÓN Y ACCESO ELECTRÓNICOS
Identificador Uniforme de Recursos <a href="https://public.digitaliapublishing.com/a/47475">https://public.digitaliapublishing.com/a/47475</a>
942 ## - ELEMENTOS DE ENTRADA SECUNDARIOS (KOHA)
Tipo de ítem Koha Libro Digital

No items available.

Powered by Koha